<?xml version="1.0" encoding="UTF-8"?><marc:collection xmlns:marc="http://www.loc.gov/MARC21/slim">
  <marc:record>
    <marc:leader>00000nam  2200000za 4500</marc:leader>
    <marc:controlfield tag="001">9.683114</marc:controlfield>
    <marc:controlfield tag="003">CaOODSP</marc:controlfield>
    <marc:controlfield tag="005">20210615133343</marc:controlfield>
    <marc:controlfield tag="007">ta</marc:controlfield>
    <marc:controlfield tag="008">150407|2005||||xxc|||||     f|0| 0 fre d</marc:controlfield>
    <marc:datafield tag="020" ind1=" " ind2=" ">
      <marc:subfield code="a">0-662-70850-4</marc:subfield>
    </marc:datafield>
    <marc:datafield tag="040" ind1=" " ind2=" ">
      <marc:subfield code="a">CaOODSP</marc:subfield>
      <marc:subfield code="b">fre</marc:subfield>
    </marc:datafield>
    <marc:datafield tag="043" ind1=" " ind2=" ">
      <marc:subfield code="a">n-cn---</marc:subfield>
    </marc:datafield>
    <marc:datafield tag="086" ind1="1" ind2=" ">
      <marc:subfield code="a">En84-35/2005F</marc:subfield>
    </marc:datafield>
    <marc:datafield tag="110" ind1="1" ind2=" ">
      <marc:subfield code="a">Canada. </marc:subfield>
      <marc:subfield code="b">Environnement Canada. </marc:subfield>
      <marc:subfield code="b">Service de la protection de l'environnement.</marc:subfield>
    </marc:datafield>
    <marc:datafield tag="245" ind1="1" ind2="0">
      <marc:subfield code="a">Technologie de la désinfection par rayonnement ultraviolet appliquée aux usines de traitement des eaux usées municipales au Canada : </marc:subfield>
      <marc:subfield code="b">rapport final </marc:subfield>
    </marc:datafield>
    <marc:datafield tag="260" ind1=" " ind2=" ">
      <marc:subfield code="a">Ottawa - Ontario : </marc:subfield>
      <marc:subfield code="b">Environnement Canada. </marc:subfield>
      <marc:subfield code="c">2005.</marc:subfield>
    </marc:datafield>
    <marc:datafield tag="300" ind1=" " ind2=" ">
      <marc:subfield code="a">En pagination multiple. : </marc:subfield>
      <marc:subfield code="b">figures, tableaux, photographies ; </marc:subfield>
      <marc:subfield code="c">28 cm.</marc:subfield>
    </marc:datafield>
    <marc:datafield tag="500" ind1=" " ind2=" ">
      <marc:subfield code="a">«Rapport final, préparé pour la ville de Windsor en collaboration avec le gouvernement du Canada, le ministère de l'Environnement de l'Ontario et la Fédération canadienne des municipalités, par Hydromantis, Inc. et Stantec Consulting Ltd., octobre 2003».</marc:subfield>
    </marc:datafield>
    <marc:datafield tag="520" ind1="3" ind2=" ">
      <marc:subfield code="a">Le présent guide présente un examen de la technologie de la désinfection par rayonnement ultraviolet ainsi que des progrès réalisés dans son application à la désinfection des effluents des usines de traitement des eaux usées municipales (UTEU). Il est destiné à servir de source d'information et d'outil de décision pour les ingénieurs et les gestionnaires de ces usines. On y traite des technologies UV offertes dans le commerce et de leurs fabricants ainsi que des critères et des points dont il faut tenir compte pour la désinfection par rayonnement UV. Le rapport regroupe des renseignements clés sur la planification, la conception, l'exploitation et les coûts des installations.</marc:subfield>
    </marc:datafield>
    <marc:datafield tag="563" ind1=" " ind2=" ">
      <marc:subfield code="a">Reliure à spirale</marc:subfield>
    </marc:datafield>
    <marc:datafield tag="590" ind1=" " ind2=" ">
      <marc:subfield code="a">06-04</marc:subfield>
      <marc:subfield code="b">2006-01-27</marc:subfield>
    </marc:datafield>
    <marc:datafield tag="691" ind1="0" ind2="7">
      <marc:subfield code="a">Eaux usées</marc:subfield>
      <marc:subfield code="2">gcpds</marc:subfield>
    </marc:datafield>
    <marc:datafield tag="775" ind1="0" ind2="8">
      <marc:subfield code="t">Ultraviolet disinfection technology for municipal wastewater treatment plant applications in Canada : </marc:subfield>
      <marc:subfield code="w">(CaOODSP)9.649987</marc:subfield>
    </marc:datafield>
  </marc:record>
</marc:collection>
